ბათუმის შოთა რუსთაველის სახელმწიფო უნივერსიტეტის ბიბლიოთეკა

თხზულებანი : (ბიბ.ჩანაწერი № 63692)

000 -ლიდერი
ფიქსირებული სიგრძის საკონტროლო ველი 02699nam a22002417a 4500
003 - საკონტროლო ნომრის იდენტიფიკატორი
საკონტროლო ველი Ge_BSU
005 - ბოლო ოპერაციის თარიღი და დრო
საკონტროლო ველი 20251209203715.0
008 - ფიქსირებული სიგრძის მონაცემთა ელემენტები - ზოგადი ინფორმაცია
ფიქსირებული სიგრძის საკონტროლო ველი 251209s2023 ge ||||| |||| 00| 0 geo d
020 ## - წიგნის საერთაშორისო სტანდარტული ნომერი
International Standard Book Number 9789941980275
041 ## - ენის კოდი
Language code of text/sound track or separate title geo
080 ## - უნივერსალური ათობითი კლასიფიკაციის ინდექსი
Universal Decimal Classification number 821.353.1-65 : 316(479.22)(092) ყ-56
100 ## - მთავარი ჩანაწერი - პიროვნების სახელი
Personal name ყიფიანი, დიმიტრი
9 (RLIN) 26428
245 ## - ცნობა სათაურის შესახებ
Title თხზულებანი :
Remainder of title 10 ტომად. ტომი 7, ოფიციალური და საქმიანი წერილები (1829-1859) /
Statement of responsibility, etc დიმიტრი ყიფიანი; შეადგინა, რუსული ტექსტები თარგმნა, შენიშვნები, კომენტარები და საძიებლები დაურთო თამაზ ჯოლოგუამ; რედაქტორები: მეგი ბეჟუაშვილი, რევაზ გოგია; დიზაინერი დათო მოსიაშვილი; საქართველოს პარლამენტის ეროვნული ბიბლიოთეკა, კორნელი კეკელიძის სახ. ხელნაწერთა ეროვნული ცენტრი, გიორგი ლეონიძის სახ. ქართული ლიტერატურის სახელმწ. მუზეუმი.
264 ## - წარმოების, გამოცემის, დისტრიბუციის და სხვა ცნობები
გამოცემის, წარმოების, დისტრიბუციის... ადგილი თბილისი :
გამოცემის, წარმოების, დისტრიბუციის... სახელწოდება საქართველოს პარლამენტის ეროვნული ბიბლიოთეკა,
გამოცემის, წარმოების, დისტრიბუციის... თარიღი 2023.
300 ## - ფიზიკური აღწერა
Extent 590 გვ. :
Other physical details პორტრ.;
Dimensions 22 სმ.
500 ## - ზოგადი შენიშვნა
General note შენიშვნები და კომენტარები: გვ. 301-502.
საძიებლები: გვ. 503-589.
700 ## - ADDED ENTRY--PERSONAL NAME
Personal name ჯოლოგუა, თამაზ
Relator term შემდგენელი, მთარგმნელი
9 (RLIN) 26429
700 ## - ADDED ENTRY--PERSONAL NAME
Personal name ბეჟუაშვილი, მეგი
Relator term რედაქტორი
9 (RLIN) 26432
700 ## - ADDED ENTRY--PERSONAL NAME
Personal name გოგია, რევაზ
Relator term რედაქტორი
9 (RLIN) 4009
700 ## - ADDED ENTRY--PERSONAL NAME
Personal name მოსიაშვილი, დათო
Relator term დიზაინერი
9 (RLIN) 7743
710 ## - ADDED ENTRY--CORPORATE NAME
Corporate name or jurisdiction name as entry element საქართველო. პარლამენტი. ეროვნული ბიბლიოთეკა
Subordinate unit კორნელი კეკელიძის სახ. ხელნაწერთა ეროვნული ცენტრი. გიორგი ლეონიძის სახ. ქართული ლიტერატურის სახელმწ. მუზეუმი
9 (RLIN) 26433
942 ## - ADDED ENTRY ELEMENTS (KOHA)
Source of classification or shelving scheme
Koha item type წიგნი
ეგზემპლარები
ჩამოწერის სტატუსი დაკარგული ეგზემპლარის სტატუსი კლასიფიკაციის წყარო ან თაროზე გაწყობის სქემა დაზიანების სტატუსი არ გაიცემა მუდმივი მდებარეობა (დაცვის ადგილი) ამჟამინდელი ადგილსამყოფელი თაროზე განთავსების ადგილი შეძენის თარიღი ღირებულება, შესყიდვის ნორმალური ფასი სრული შენახვის შიფრი შტრიხკოდი ბოლო ოპერაციის თარიღი ეგზემპლარის მიმდევრობითი ნომერი (კეტერი?) Uniform Resource Identifier ფასის ძალაში შესვლის თარიღი ეგზემპლარის სახეობა საჯარო შენიშვნა
          ბათუმის შოთა რუსთაველის სახელმწიფო უნივერსიტეტის მთავარი ბიბლიოთეკა ბათუმის შოთა რუსთაველის სახელმწიფო უნივერსიტეტის მთავარი ბიბლიოთეკა წიგნსაცავი 2025-12-09 15.00 821.353.1-65 : 316(479.22)(092) ყ-56 73240 2025-12-09 73240 საჩუქარი საქართველოს ეროვნული ბიბლიოთეკისაგან 2025-12-09 წიგნი 15 ლ.